| 000 | 00467nam a2200217Ia 4500 | ||
|---|---|---|---|
| 003 | IT-RoPAU | ||
| 008 | 120407s9999 xx 000 0 und d | ||
| 040 | _aIT-RoPAU | ||
| 040 | _cIT-RoPAU | ||
| 041 | _aeng | ||
| 100 | _aTeresa M. De Ferrari | ||
| 245 | 4 | _aThe problem of charity for self. | |
| 250 | _aBoston | ||
| 260 | _aDaughters of St. Paul | ||
| 260 | _c1962 | ||
| 300 | _a205 p. | ||
| 300 | _c21 cm | ||
| 490 | _v1 | ||
| 942 | _cBK | ||
| 999 |
_c28537 _d28537 |
||